| 000 | 00457 a2200169 4500 | ||
|---|---|---|---|
| 999 |
_c182930 _d182930 |
||
| 005 | 20211210113239.0 | ||
| 010 | _aENG-130272 | ||
| 020 |
_c250.00 _a978-93-89888-63-8 |
||
| 035 | _aEN-113804 | ||
| 037 | _bDBAD / PUB | ||
| 082 | _a880 | ||
| 100 | _aSiddique, Umair | ||
| 245 |
_aThe Man Who Lived The Ages: _cUmair Siddique |
||
| 260 |
_bBluerose Publishers _c2020 |
||
| 300 |
_a195p. _c20cm (pbk) |
||
| 942 |
_adpl _cEN _2ddc _h880 _mSID |
||